000 00712nam a2200253Ia 4500
003 OSt
005 20221006154035.0
006 a|||||r|||| 00| 0
007 ta
008 221006b |||||||| |||| 00| 0 eng d
020 _a069107040
024 _a34,240
037 _cTextual
040 _aEASL
_cEASL
_beng
041 _2eng
_aeng
082 _aL9F:394.42, P1
100 _aNorgren Tiana
_9666336
245 0 _aAbortion before birth control
_b The politics of reproduction in postwar Japan
260 _aOxford
_bPrinceton University Press
_c2001
300 _axiii,242p.
_ccm.
490 _v 6
942 _hL9F:394.42, P1
_cTEXL
_2CC
999 _c1102326
_d1102326